000 00287nam a22001337a 4500
008 170612b xxu||||| |||| 00| 0 eng d
020 _a9780697391469
041 _aeng
080 _211TH
_a323
100 _a19
101 _aSHP
245 _aTAKING SIDES
_cMCKENNA,G
942 _2udc
_cBK
999 _c16939
_d16939